Historia : el mundo contemporaneo :

Guardado en:
Autor Principal: Barral, Maria Elena
Otros Autores: Blasco, María Elida
Formato: Libro
Publicado: Buenos Aires : Estrada, 1999
Series:Libros con libros
Materias:
Etiquetas: Agregar Etiqueta
Sin Etiquetas, Sea el primero en etiquetar este registro!
LEADER 01404nam a22003375a 4500
001 CEM.cems016442
008 130507s1999##################000#0#####d
005 20211112143408.0
003 CEMS
245 1 0 |a Historia :  |b el mundo contemporaneo :  |c Maria Elena Barral y Maria Elida Blasco 
260 |a Buenos Aires :  |b Estrada,  |c 1999 
300 |a 79 p. 
490 0 |a Libros con libros 
500 |a Acompaña al libro de texto Historia : el mundo contemporáneo, siglo Xviii, Xix y Xx 
020 |a 95001077732 
100 1 |a Barral, Maria Elena 
700 1 |a Blasco, María Elida 
082 0 4 |a 912 
653 |a Historia 
653 |a Historia-atlas histórico 
653 |a Historia-polimodal 
859 |a CEMS  |b BIB. CEMS - Agricultura  |h 912  |i B272  |p A0055.00  |t Ej.1 
859 |a CEMS  |b BIB. CEMS - 11 de abril  |h 912  |i B272  |p 20693.00  |t Ej.1 
859 |a CEMS  |b BIB. CEMS - Agricultura  |h 912  |i B272  |p A0057.00  |t Ej.2 
859 |a CEMS  |b BIB. CEMS - 11 de abril  |h 912  |i B272  |p 20699.00  |t Ej.2 
859 |a CEMS  |b BIB. CEMS - Agricultura  |h 912  |i B272  |p A0059.00  |t Ej.3 
859 |a CEMS  |b BIB. CEMS - 11 de abril  |h 912  |i B272  |p 22233.03  |t Ej.3 
859 |a CEMS  |b BIB. CEMS - Agricultura  |h 912  |i B272  |p A0627.06  |t Ej.4 
859 |a CEMS  |b BIB. CEMS - 11 de abril  |h 912  |i B272  |p 22462.04  |t Ej.4 
859 |a CEMS  |b BIB. CEMS - 11 de abril  |h 912  |i B272  |p 25108.08  |t Ej.5 
859 |a CEMS  |b BIB. CEMS - 11 de abril  |h 912  |i B272  |p 25109.08  |t Ej.6